[Event "Titled Tuesday intern op 25th Jul Early"]
[Site "Chess.com INT"]
[Date "2023.07.25"]
[Round "9"]
[White "Jedryczka, Krystian"]
[Black "Cooper, Aaron"]
[Result "0-1"]
[WhiteElo "2168"]
[BlackElo "1904"]
[PlyCount "50"]
[EventDate "2023.07.25"]
[EventType "swiss (blitz)"]
[EventRounds "11"]
[EventCountry "USA"]
[SourceTitle "EXT 2024"]
[Source "ChessBase"]
[SourceDate "2023.10.10"]
[SourceVersion "1"]
[SourceVersionDate "2023.10.10"]
[SourceQuality "1"]

1. g3 Nf6 2. Bg2 d5 3. d3 g6 4. Nd2 Bg7 5. h3 0-0 6. e4 dxe4 7. dxe4 e5 8. Qe2 c6 9. Nc4 Qc7 10. Be3 b6 11. Nf3 Nbd7 12. 0-0-0 Nxe4 13. Nfd2 Nxd2 14. Qxd2 Nf6 15. Bh6 Be6 16. Bxg7 Kxg7 17. Qc3 Bxc4 18. Qxc4 Rac8 19. Rhe1 Rfe8 20. g4 h6 21. h4 e4 22. Bxe4 Qf4+ 23. Kb1 Rxe4 24. Qa6 Rce8 25. Qxa7 Rxe1 0-1

[Event "Titled Tuesday intern op 25th Jul Early"]
[Site "Chess.com INT"]
[Date "2023.07.25"]
[Round "6"]
[White "Vifleemskaia, Svetlana"]
[Black "Jedryczka, Krystian"]
[Result "0-1"]
[WhiteElo "1971"]
[BlackElo "2168"]
[PlyCount "82"]
[EventDate "2023.07.25"]
[EventType "swiss (blitz)"]
[EventRounds "11"]
[EventCountry "USA"]
[SourceTitle "EXT 2024"]
[Source "ChessBase"]
[SourceDate "2023.10.10"]
[SourceVersion "1"]
[SourceVersionDate "2023.10.10"]
[SourceQuality "1"]

1. d4 g6 2. c4 Bg7 3. e4 d6 4. Nc3 c6 5. h4 h5 6. Nge2 Nf6 7. Ng3 Bg4 8. Be2 Na6 9. a3 Nc7 10. f3 Bd7 11. Bg5 0-0 12. Qd2 Kh7 13. Nf1 Ne6 14. Be3 c5 15. d5 Nd4 16. Bxd4 cxd4 17. Qxd4 Ng4 18. Qd1 Qb6 19. fxg4 Qxb2 20. Rc1 Bxc3+ 21. Kf2 Bd4+ 22. Kg3 Qxa3+ 23. Qd3 Be5+ 24. Kf2 Qxc1 25. gxh5 Qf4+ 26. Bf3 gxh5 27. g3 Qf6 28. Ne3 Bg4 29. Nf5 Bxf5 30. exf5 Rg8 31. Rg1 Rac8 32. Rg2 Bd4+ 33. Kf1 b5 34. Rd2 Rxc4 35. Rg2 Rc1+ 36. Ke2 Qe5+ 37. Be4 f6 38. Qf3 Rg4 39. Kd3 Rc3+ 40. Ke2 Rxf3 41. Kxf3 Qxe4# 0-1

[Event "POL-chT 2nd League"]
[Site "Jastrzebia Gora"]
[Date "2018.09.03"]
[Round "4.2"]
[White "Jedryczka, Krystian"]
[Black "Praczukowski, Stanislaw"]
[Result "0-1"]
[WhiteElo "2201"]
[BlackElo "2131"]
[PlyCount "23"]
[EventDate "2018.09.01"]
[EventType "team-swiss"]
[EventRounds "9"]
[EventCountry "POL"]
[SourceTitle "CBM 186 Extra"]
[Source "ChessBase"]
[SourceDate "2018.08.24"]
[SourceVersion "1"]
[SourceVersionDate "2018.08.24"]
[SourceQuality "1"]
[WhiteTeam "Plock Hetman"]
[BlackTeam "Chylice Laura"]
[WhiteTeamCountry "POL"]
[BlackTeamCountry "POL"]

1. f4 g6 2. Nf3 Bg7 3. d3 c5 4. h3 Nc6 5. g4 d6 6. Bg2 e5 7. c3 Nge7 8. e4 f5 9. gxf5 gxf5 10. Ng5 0-0 11. Qb3+ d5 12. Qb5 0-1

[Event "POL-chT rapid"]
[Site "Zgierz"]
[Date "2018.03.03"]
[Round "9.27"]
[White "Jedryczka, Krystian"]
[Black "Szustakowski, Antoni"]
[Result "1-0"]
[WhiteElo "2201"]
[BlackElo "2297"]
[PlyCount "111"]
[EventDate "2018.03.03"]
[EventType "team-swiss (rapid)"]
[EventRounds "9"]
[EventCountry "POL"]
[SourceTitle "CBM 183 Extra"]
[Source "ChessBase"]
[SourceDate "2018.04.19"]
[SourceVersion "1"]
[SourceVersionDate "2018.04.19"]
[SourceQuality "1"]
[WhiteTeam "Plock Stowarzyszenie"]
[BlackTeam "Warszawa Polonia"]
[WhiteTeamCountry "POL"]
[BlackTeamCountry "POL"]

1. c4 e5 2. Nc3 Nc6 3. e3 g6 4. d4 d6 5. Nf3 Bg7 6. Be2 Nge7 7. d5 Nb8 8. e4 0-0 9. 0-0 a5 10. Be3 Na6 11. Nd2 f5 12. exf5 Nxf5 13. Nde4 Nxe3 14. fxe3 Bf5 15. Bg4 Bh6 16. Kh1 Qh4 17. Bxf5 gxf5 18. Ng3 f4 19. exf4 Bxf4 20. Rf3 Nc5 21. Nf1 Qh6 22. Qe2 Kh8 23. Ne4 Nxe4 24. Qxe4 Bc1 25. Ng3 Rxf3 26. Qxf3 Rf8 27. Qc3 Bf4 28. Nf1 b6 29. Re1 Rf7 30. Qd3 Kg8 31. g3 Bg5 32. Kg2 Qf6 33. Qe2 Qf5 34. g4 Qf4 35. Ng3 Bh4 36. Rf1 Qg5 37. Rxf7 Kxf7 38. Qf2+ Kg8 39. Qf5 Qd2+ 40. Kh3 Bxg3 41. Qc8+ Kg7 42. Qxc7+ Kg8 43. Qc8+ Kg7 44. Qd7+ Kg8 45. Qe6+ Kg7 46. Kxg3 Qe3+ 47. Kh4 Qf2+ 48. Kh3 Qf1+ 49. Kh4 Qf2+ 50. Kh3 Qf3+ 51. Kh4 Qf2+ 52. Kh3 Qf3+ 53. Kh4 Qf2+ 54. Kh3 Qf3+ 55. Kh4 Qf2+ 56. Kh3 1-0

[Event "POL-chT rapid"]
[Site "Zgierz"]
[Date "2018.03.03"]
[Round "4.3"]
[White "Kowalczyk, Pawel"]
[Black "Jedryczka, Krystian"]
[Result "1-0"]
[WhiteElo "2343"]
[BlackElo "2201"]
[PlyCount "61"]
[EventDate "2018.03.03"]
[EventType "team-swiss (rapid)"]
[EventRounds "9"]
[EventCountry "POL"]
[SourceTitle "CBM 183 Extra"]
[Source "ChessBase"]
[SourceDate "2018.04.19"]
[SourceVersion "1"]
[SourceVersionDate "2018.04.19"]
[SourceQuality "1"]
[WhiteTeam "Pegow Wieza"]
[BlackTeam "Plock Stowarzyszenie"]
[WhiteTeamCountry "POL"]
[BlackTeamCountry "POL"]

1. d4 f5 2. g3 Nf6 3. Bg2 d6 4. Nf3 g6 5. 0-0 Bg7 6. c4 0-0 7. Nc3 Qe8 8. Qb3 Nc6 9. Rd1 a5 10. Nb5 a4 11. Qa3 Qd8 12. Bf4 Nh5 13. Rac1 Bd7 14. d5 Ne5 15. Nfd4 Ra6 16. c5 Nxf4 17. gxf4 Ng4 18. cxd6 cxd6 19. Nc7 Bxd4 20. Rxd4 Rb6 21. Ne6 Bxe6 22. dxe6 Nf6 23. Rxa4 d5 24. Rb4 Rxe6 25. e3 b6 26. Qa7 Qd6 27. Rb3 g5 28. fxg5 Ng4 29. Qc7 Qxc7 30. Rxc7 d4 31. Bd5 1-0

[Event "Wloclawek CC Classic 16th"]
[Site "Wloclawek "]
[Date "2016.??.??"]
[Round "5"]
[White "Jedryczka, Krystian"]
[Black "Budnik, Mateusz"]
[Result "1/2-1/2"]
[WhiteElo "2231"]
[BlackElo "2053"]
[PlyCount "76"]
[EventDate "2016.04.??"]
[EventType "swiss"]
[EventRounds "7"]
[EventCountry "POL"]
[SourceTitle "EXT 2021"]
[Source "ChessBase"]
[SourceDate "2020.10.23"]
[SourceVersion "1"]
[SourceVersionDate "2020.10.23"]
[SourceQuality "1"]

1. e4 c5 2. Nf3 e6 3. d4 cxd4 4. Nxd4 a6 5. Bd3 Bc5 6. Nb3 Ba7 7. Qe2 Nc6 8. Be3 Bxe3 9. Qxe3 Nge7 10. Nc3 0-0 11. 0-0-0 Qc7 12. f4 d6 13. Kb1 b5 14. g4 Bb7 15. Rhf1 Nb4 16. f5 Nxd3 17. cxd3 e5 18. d4 Rfd8 19. d5 Rdc8 20. Rc1 Qd8 21. g5 b4 22. Na4 Rxc1+ 23. Rxc1 Rc8 24. Rf1 a5 25. Qa7 Rb8 26. Nxa5 Bxd5 27. exd5 Ra8 28. Qb6 Qxb6 29. Nxb6 Rxa5 30. Rc1 h6 31. gxh6 Nxf5 32. hxg7 Kxg7 33. Rg1+ Kf8 34. Rg4 Nd4 35. h4 Rb5 36. h5 Nf5 37. Nc8 Rb8 38. Na7 Ne3 1/2-1/2

[Event "Krakow-ch 3rd"]
[Site "Krakow"]
[Date "2012.08.14"]
[Round "8.8"]
[White "Jablonska, Sabina"]
[Black "Jedryczka, Krystian"]
[Result "1/2-1/2"]
[WhiteElo "1979"]
[BlackElo "2233"]
[PlyCount "102"]
[EventDate "2012.08.08"]
[EventType "swiss"]
[EventRounds "9"]
[EventCountry "POL"]
[SourceTitle "EXT 2023"]
[Source "ChessBase"]
[SourceDate "2022.10.05"]
[SourceVersion "1"]
[SourceVersionDate "2022.10.05"]
[SourceQuality "1"]

1. e4 c5 2. Nf3 e6 3. d4 cxd4 4. Nxd4 a6 5. Bd3 Nf6 6. 0-0 Qc7 7. Qe2 d6 8. c4 Nbd7 9. f4 Be7 10. Be3 Nc5 11. Nc3 Nxd3 12. Qxd3 Bd7 13. Rac1 0-0 14. h3 Rfe8 15. g4 Bf8 16. Qe2 Bc6 17. Qf3 Qa5 18. Nxc6 bxc6 19. g5 Nd7 20. Qf2 f5 21. a3 fxe4 22. Nxe4 Qf5 23. Qg2 a5 24. Rcd1 d5 25. Ng3 Qg6 26. h4 Nc5 27. h5 Qf7 28. f5 exf5 29. Rxf5 Qe7 30. Bd4 Ne6 31. Be3 d4 32. Bc1 Qd7 33. g6 h6 34. Rf7 Re7 35. Nf5 Rxf7 36. gxf7+ Kh8 37. Nxh6 Bc5 38. Rf1 Rb8 39. Ng4 d3+ 40. Kh1 Qe7 41. h6 Qh4+ 42. Nh2 gxh6 43. Qg4 Qxg4 44. Nxg4 Bd4 45. Bxh6 Bg7 46. Bxg7+ Kxg7 47. Rd1 Rh8+ 48. Kg1 Kxf7 49. Rxd3 c5 50. Kf2 Rb8 51. Ne5+ Ke8 1/2-1/2

[Event "Krakow-ch 3rd"]
[Site "Krakow"]
[Date "2012.08.12"]
[Round "6.8"]
[White "Bus, Konrad"]
[Black "Jedryczka, Krystian"]
[Result "1/2-1/2"]
[WhiteElo "2057"]
[BlackElo "2233"]
[PlyCount "48"]
[EventDate "2012.08.08"]
[EventType "swiss"]
[EventRounds "9"]
[EventCountry "POL"]
[SourceTitle "EXT 2023"]
[Source "ChessBase"]
[SourceDate "2022.10.05"]
[SourceVersion "1"]
[SourceVersionDate "2022.10.05"]
[SourceQuality "1"]

1. Nf3 Nf6 2. d4 c5 3. e3 d5 4. c4 cxd4 5. exd4 g6 6. Nc3 Bg7 7. cxd5 0-0 8. Bc4 Nbd7 9. d6 exd6 10. 0-0 Nb6 11. Bb3 Bf5 12. Bf4 a6 13. d5 Ne4 14. Nd4 Nxc3 15. bxc3 Be4 16. c4 Qf6 17. Be3 Rfe8 18. Rc1 Re5 19. Ne2 Nd7 20. Ng3 Re7 21. Qg4 h5 22. Nxe4 hxg4 23. Nxf6+ Bxf6 24. c5 dxc5 1/2-1/2

[Event "Krakow-ch 3rd"]
[Site "Krakow"]
[Date "2012.08.12"]
[Round "5.4"]
[White "Jedryczka, Krystian"]
[Black "Kumor, Lukasz"]
[Result "1/2-1/2"]
[WhiteElo "2233"]
[BlackElo "2105"]
[PlyCount "182"]
[EventDate "2012.08.08"]
[EventType "swiss"]
[EventRounds "9"]
[EventCountry "POL"]
[SourceTitle "EXT 2023"]
[Source "ChessBase"]
[SourceDate "2022.10.05"]
[SourceVersion "1"]
[SourceVersionDate "2022.10.05"]
[SourceQuality "1"]

1. e4 e6 2. d4 d5 3. Nc3 Nf6 4. Bg5 Be7 5. e5 Nfd7 6. h4 Bxg5 7. hxg5 Qxg5 8. Nh3 Qe7 9. Qg4 g6 10. Nf4 Nb6 11. Bd3 Nc6 12. 0-0-0 Bd7 13. Rh6 0-0-0 14. Be2 Na5 15. Nd3 Na4 16. Nxa4 Bxa4 17. Nc5 Be8 18. Rdh1 b6 19. Nb3 Nxb3+ 20. axb3 Qb4 21. Qf4 c5 22. Qf6 Rg8 23. Rxh7 Qa5 24. Kb1 cxd4 25. Bg4 Qb5 26. R7h3 Rd7 27. Rd3 Qc5 28. Qf4 Rc7 29. Qd2 Bb5 30. Rxd4 Kb7 31. Bf3 Kb8 32. g4 Rgc8 33. Bd1 Be8 34. f4 Bc6 35. b4 Qe7 36. Be2 Ba4 37. b3 Bc6 38. Bd3 Qe8 39. Qe2 Qe7 40. Rh7 Qf8 41. Kb2 Qg8 42. Qh2 Qe8 43. Qe2 Qg8 44. Rh1 Qe8 45. Kb1 Ka8 46. b5 Bb7 47. Kb2 Kb8 48. f5 gxf5 49. gxf5 Qe7 50. Rf4 Qc5 51. Qd2 d4 52. Re1 Bd5 53. Ra1 Bb7 54. Qe1 Bd5 55. Ra4 Qc3+ 56. Qxc3 dxc3+ 57. Ka3 Rh8 58. Rh4 Rxh4 59. Rxh4 exf5 60. Rh8+ Kb7 61. Bxf5 Re7 62. Rh5 Bf3 63. Rg5 a5 64. bxa6+ Kxa6 65. Kb4 Ka7 66. Bd3 Bd5 67. Kxc3 Kb7 68. Kb4 Kc6 69. c4 Be6 70. Be4+ Kc7 71. Bd5 Re8 72. Rh5 Re7 73. Kc3 b5 74. Bxe6 Rxe6 75. cxb5 Kb6 76. Kc4 f6 77. Rh6 Rxe5 78. Rxf6+ Kb7 79. Rd6 Rh5 80. Kb4 Rh1 81. b6 Rb1 82. Kc4 Rb2 83. b4 Rh2 84. Kb5 Rh5+ 85. Ka4 Rh4 86. Ka5 Rh5+ 87. b5 Rh1 88. Rd7+ Kb8 89. b7 Rh6 90. Rg7 Rf6 91. b6 Rf5+ 1/2-1/2

[Event "Wloclawek Portofino Cup"]
[Site "Wloclawek"]
[Date "2009.09.27"]
[Round "8"]
[White "Stupak, Kirill"]
[Black "Jedryczka, Krystian"]
[Result "1-0"]
[WhiteElo "2451"]
[BlackElo "2240"]
[PlyCount "101"]
[EventDate "2009.09.24"]
[EventType "swiss"]
[EventRounds "9"]
[EventCountry "POL"]
[SourceTitle "EXT 2018"]
[Source "ChessBase"]
[SourceDate "2017.10.13"]
[SourceVersion "1"]
[SourceVersionDate "2017.10.13"]
[SourceQuality "1"]

1. d4 b5 2. Nf3 Bb7 3. g3 e6 4. Bg2 c5 5. 0-0 Nf6 6. Nbd2 d5 7. c3 Nbd7 8. dxc5 Bxc5 9. Nd4 a6 10. a4 e5 11. Nf5 0-0 12. Nb3 Bb6 13. axb5 axb5 14. Rxa8 Qxa8 15. Qd3 Qa4 16. Qd1 Ng4 17. e3 Ngf6 18. Ne7+ Kh8 19. Nxd5 Bxd5 20. Bxd5 Rd8 21. Bxf7 Nc5 22. Nd2 Qa7 23. Bb3 Nfe4 24. Bc2 Nxd2 25. Bxd2 e4 26. Qe2 Qd7 27. Bc1 Nd3 28. Rd1 Qf5 29. Qf1 h5 30. f3 Qg5 31. Bxd3 exd3 32. Rxd3 Ra8 33. Kg2 Ra1 34. Rd1 h4 35. e4 Qh5 36. h3 hxg3 37. Bf4 Ra2 38. Qe2 Qc5 39. Kxg3 b4 40. cxb4 Qxb4 41. Be5 Qe7 42. f4 Ra5 43. Bc3 Rf5 44. Qg4 Rf7 45. Qh5+ Kg8 46. Qe5 Qf8 47. Qd5 Kh7 48. Qd6 Bf2+ 49. Kg2 Qc8 50. Rd5 g6 51. Qd8 1-0

[Event "Wloclawek Portofino Cup"]
[Site "Wloclawek"]
[Date "2009.09.25"]
[Round "3"]
[White "Jedryczka, Krystian"]
[Black "Grochowalski, Pawel"]
[Result "1/2-1/2"]
[WhiteElo "2240"]
[BlackElo "2062"]
[PlyCount "89"]
[EventDate "2009.09.24"]
[EventType "swiss"]
[EventRounds "9"]
[EventCountry "POL"]
[SourceTitle "EXT 2018"]
[Source "ChessBase"]
[SourceDate "2017.10.13"]
[SourceVersion "1"]
[SourceVersionDate "2017.10.13"]
[SourceQuality "1"]

1. Nf3 Nf6 2. c4 e6 3. b3 d5 4. e3 Be7 5. Bb2 0-0 6. Qc2 b6 7. Be2 Bb7 8. d3 c5 9. Nbd2 Nc6 10. a3 Qc7 11. 0-0 Rfd8 12. cxd5 Nxd5 13. Rac1 Rac8 14. Rfe1 h6 15. Bf1 Bf8 16. Qb1 Qe7 17. Nc4 Nf6 18. e4 b5 19. e5 Ne8 20. Ncd2 Qc7 21. d4 Qb6 22. dxc5 Bxc5 23. Ne4 Nd4 24. Nxd4 Bxd4 25. Rxc8 Rxc8 26. Bxd4 Qxd4 27. b4 Bxe4 28. Rxe4 Qd2 29. Re2 Qc3 30. Re3 Qc1 31. Qe4 a6 32. g3 Nc7 33. Re1 Qc3 34. Bd3 g6 35. Re3 Nd5 36. Rf3 Rc7 37. Kg2 Qxa3 38. Qh4 Qxb4 39. Qxh6 Qf8 40. Qg5 Qe7 41. Qg4 Qb4 42. Qg5 Qe7 43. Qh6 Qf8 44. Qd2 Qb4 45. Qh6 1/2-1/2

[Event "Wloclawek Portofino Cup"]
[Site "Wloclawek"]
[Date "2009.09.25"]
[Round "4"]
[White "Szablowski, Pawel"]
[Black "Jedryczka, Krystian"]
[Result "1-0"]
[WhiteElo "2197"]
[BlackElo "2240"]
[PlyCount "55"]
[EventDate "2009.09.24"]
[EventType "swiss"]
[EventRounds "9"]
[EventCountry "POL"]
[SourceTitle "EXT 2018"]
[Source "ChessBase"]
[SourceDate "2017.10.13"]
[SourceVersion "1"]
[SourceVersionDate "2017.10.13"]
[SourceQuality "1"]

1. e4 g6 2. d4 Bg7 3. Nc3 c6 4. Be3 d5 5. f3 dxe4 6. fxe4 e5 7. dxe5 Qxd1+ 8. Rxd1 Be6 9. Nf3 Nd7 10. Bf4 h6 11. Ne2 g5 12. Bg3 Ne7 13. Ned4 Nc5 14. Nxe6 Nxe6 15. Bc4 Ng6 16. 0-0 Rd8 17. Rd6 Rxd6 18. exd6 g4 19. Nh4 Ne5 20. Bb3 Nd7 21. c3 Rg8 22. Nf5 Bf8 23. e5 Rg5 24. Nd4 Rg6 25. Bc2 Rg5 26. Bf5 Nd8 27. Bh4 Rg7 28. Bf6 1-0

[Event "Warsaw Najdorf Memorial op-A"]
[Site "Warsaw"]
[Date "2009.07.26"]
[Round "9"]
[White "Matuszewski, Michal"]
[Black "Jedryczka, Krystian"]
[Result "1-0"]
[WhiteElo "2301"]
[BlackElo "2244"]
[PlyCount "35"]
[EventDate "2009.07.18"]
[EventType "swiss"]
[EventRounds "9"]
[EventCountry "POL"]
[SourceTitle "CBM 131 Extra"]
[Source "ChessBase"]
[SourceDate "2009.09.03"]
[SourceVersion "2"]
[SourceVersionDate "2009.09.16"]
[SourceQuality "1"]

1. e4 c5 2. b3 Nc6 3. Bb2 d6 4. Bb5 Bd7 5. f4 a6 6. Be2 e5 7. Nf3 exf4 8. 0-0 Nge7 9. Nc3 Ng6 10. Nd5 Nce5 11. d4 Nxf3+ 12. Bxf3 Bc6 13. dxc5 dxc5 14. Qe1 f6 15. Rd1 Bd6 16. e5 fxe5 17. Nxf4 Nxf4 18. Bxe5 1-0

[Event "Warsaw AIG Life rapid 8th"]
[Site "Warsaw"]
[Date "2008.12.21"]
[Round "9"]
[White "Jedryczka, Krystian"]
[Black "Swiercz, Dariusz"]
[Result "0-1"]
[WhiteElo "2244"]
[BlackElo "2478"]
[PlyCount "130"]
[EventDate "2008.12.20"]
[EventType "swiss (rapid)"]
[EventRounds "13"]
[EventCountry "POL"]
[SourceTitle "CBM 127 Extra"]
[Source "ChessBase"]
[SourceDate "2009.01.08"]
[SourceVersion "2"]
[SourceVersionDate "2009.01.28"]
[SourceQuality "1"]

1. e4 c5 2. Nf3 d6 3. d4 cxd4 4. Nxd4 Nf6 5. Nc3 a6 6. Be3 e5 7. Nb3 Be7 8. f3 Be6 9. Qd2 0-0 10. 0-0-0 a5 11. Bb5 Nbd7 12. Kb1 Nb6 13. a4 Nc4 14. Bxc4 Bxc4 15. g4 b5 16. Nxb5 Qb8 17. g5 Ne8 18. Nc3 Nc7 19. Nc1 d5 20. Nxd5 Nxd5 21. exd5 Rd8 22. Qf2 Bxd5 23. Rhe1 Qb7 24. f4 Bb4 25. Rf1 Bc3 26. b3 exf4 27. Qxf4 Be6 28. Na2 Rdc8 29. Nxc3 Rxc3 30. Bd4 Rxb3+ 31. Kc1 Rb1+ 32. Kd2 Qb4+ 33. Ke3 Rxd1 34. Rxd1 Re8 35. Kf2 Qxa4 36. Rd2 Bd5 37. Be5 Qxf4+ 38. Bxf4 Be6 39. Bd6 a4 40. Ba3 h6 41. gxh6 g6 42. Rd4 Ra8 43. h7+ Kxh7 44. Rh4+ Kg7 45. Bb2+ f6 46. Rf4 Bf5 47. c4 a3 48. Ba1 Rb8 49. Rf3 Ra8 50. c5 a2 51. c6 Kf7 52. Re3 Be6 53. Rf3 f5 54. Rh3 Ke7 55. Rd3 Rc8 56. Rc3 Kd6 57. Rd3+ Kxc6 58. Rc3+ Kb5 59. Rxc8 Bxc8 60. Ke3 Kc4 61. h4 Kb3 62. Kd2 f4 63. Ke2 Bg4+ 64. Kd3 f3 65. Ke3 Kc2 0-1

[Event "POL-chT 64th"]
[Site "Karpacz"]
[Date "2008.09.12"]
[Round "7"]
[White "Jedryczka, Krystian"]
[Black "Gumula, Daniel"]
[Result "0-1"]
[WhiteElo "2265"]
[BlackElo "2277"]
[PlyCount "62"]
[EventDate "2008.09.06"]
[EventType "team-swiss"]
[EventRounds "9"]
[EventCountry "POL"]
[SourceTitle "EXT 2019"]
[Source "ChessBase"]
[SourceDate "2018.10.10"]
[SourceVersion "1"]
[SourceVersionDate "2018.10.10"]
[SourceQuality "1"]
[WhiteTeam "Plock PTSz"]
[BlackTeam "Jaworzno JKSz MCKiS"]
[WhiteTeamCountry "POL"]
[BlackTeamCountry "POL"]

1. Nf3 Nf6 2. c4 e6 3. Nc3 Bb4 4. Qc2 0-0 5. a3 Bxc3 6. Qxc3 b6 7. b4 Bb7 8. Bb2 d5 9. e3 Nbd7 10. Be2 c5 11. b5 Re8 12. Ne5 Qc7 13. f3 Rad8 14. Rd1 Re7 15. d4 Rc8 16. Rc1 dxc4 17. e4 Ne8 18. Qxc4 Qb8 19. 0-0 cxd4 20. Qxc8 Bxc8 21. Nc6 Qd6 22. Nxe7+ Qxe7 23. Rxc8 Nc5 24. Bc4 Qd7 25. Ra8 Kf8 26. Rd1 d3 27. a4 Ke7 28. Ba3 Qd4+ 29. Kf1 Qxc4 30. Rxa7+ Kf6 31. Bb2+ Kg6 0-1

[Event "Warsaw Najdorf Memorial op-A"]
[Site "Warsaw"]
[Date "2008.08.06"]
[Round "5"]
[White "Jedryczka, Krystian"]
[Black "Barwinski, Dionizy"]
[Result "1/2-1/2"]
[WhiteElo "2265"]
[BlackElo "2183"]
[PlyCount "87"]
[EventDate "2008.08.02"]
[EventType "swiss"]
[EventRounds "9"]
[EventCountry "POL"]
[SourceTitle "CBM 125 Extra"]
[Source "ChessBase"]
[SourceDate "2008.09.01"]
[SourceVersion "1"]
[SourceVersionDate "2008.09.01"]
[SourceQuality "1"]

1. e4 c6 2. d4 d5 3. exd5 cxd5 4. c4 Nf6 5. Nc3 e6 6. Nf3 Be7 7. cxd5 exd5 8. Bb5+ Bd7 9. Bxd7+ Nbxd7 10. Qb3 Nb6 11. a4 Qc8 12. a5 Nc4 13. 0-0 0-0 14. Bg5 Rd8 15. Rfc1 Qd7 16. Nxd5 Nxd5 17. Rxc4 Bxg5 18. Nxg5 Qg4 19. Qg3 Qe2 20. b3 h6 21. Nf3 Qb2 22. Rac1 Qxb3 23. Qe5 b6 24. Qf5 g6 25. Qe4 Qa3 26. Ne5 Qe7 27. Qf3 Qf6 28. Qxf6 Nxf6 29. a6 Nd5 30. g3 Kg7 31. Kg2 Rd6 32. Rb1 Rad8 33. Rb5 f6 34. Nf3 R8d7 35. Rb1 b5 36. Rxb5 Rxa6 37. Rcc5 Ne7 38. Rb8 Nc6 39. Ra8 h5 40. h4 Kf7 41. Rh8 Kg7 42. Rc8 Ne7 43. Ra8 Kf7 44. Rh8 1/2-1/2

[Event "Warsaw Najdorf Memorial op-A"]
[Site "Warsaw"]
[Date "2008.08.03"]
[Round "2"]
[White "Warakomski, Tomasz"]
[Black "Jedryczka, Krystian"]
[Result "1-0"]
[WhiteElo "2502"]
[BlackElo "2265"]
[PlyCount "101"]
[EventDate "2008.08.02"]
[EventType "swiss"]
[EventRounds "9"]
[EventCountry "POL"]
[SourceTitle "CBM 125 Extra"]
[Source "ChessBase"]
[SourceDate "2008.09.01"]
[SourceVersion "1"]
[SourceVersionDate "2008.09.01"]
[SourceQuality "1"]

1. e4 e5 2. Nf3 Nc6 3. Bb5 Nge7 4. d4 exd4 5. Nxd4 Nxd4 6. Qxd4 Nc6 7. Qe3 Qh4 8. Nc3 Bb4 9. Bd2 0-0 10. 0-0-0 a6 11. Be2 d6 12. Nd5 Bc5 13. Qf4 Qxf4 14. Bxf4 Bd7 15. Nxc7 Rac8 16. Nd5 Bxf2 17. Bxd6 Rfe8 18. Rhf1 Ba7 19. Bh5 Rxe4 20. Bxf7+ Kh8 21. Rde1 Rxe1+ 22. Rxe1 Bf5 23. c3 h6 24. Ne7 Nxe7 25. Rxe7 Rd8 26. Bc7 Rf8 27. Bf4 Be4 28. Rxe4 Rxf7 29. Kd2 Kh7 30. Be3 Bb8 31. h3 Bg3 32. c4 g5 33. Re6 Rd7+ 34. Ke2 Bc7 35. Kf3 Bd8 36. Kg4 Kg7 37. Kf5 Rf7+ 38. Ke4 Bc7 39. b4 Rd7 40. Bd4+ Kh7 41. c5 Rf7 42. Be3 Bd8 43. a4 h5 44. b5 axb5 45. axb5 Bf6 46. b6 g4 47. hxg4 hxg4 48. c6 bxc6 49. Rxf6 Rxf6 50. b7 Rf8 51. Ba7 1-0

[Event "Warsaw AIG Life rapid 7th"]
[Site "Warsaw"]
[Date "2007.12.16"]
[Round "10"]
[White "Jedryczka, Krystian"]
[Black "Olszewski, Michal"]
[Result "0-1"]
[WhiteElo "2266"]
[BlackElo "2424"]
[PlyCount "58"]
[EventDate "2007.12.15"]
[EventType "swiss (rapid)"]
[EventRounds "13"]
[EventCountry "POL"]
[SourceTitle "CBM 121 Extra"]
[Source "ChessBase"]
[SourceDate "2008.01.10"]
[SourceVersion "1"]
[SourceVersionDate "2008.01.10"]
[SourceQuality "1"]

1. e4 e5 2. Nc3 Nc6 3. g3 Bc5 4. Bg2 a6 5. Nge2 d6 6. h3 Nge7 7. d3 h5 8. Bg5 Be6 9. Qd2 Qd7 10. Nd5 Bxd5 11. exd5 Nd4 12. Bxe7 Qxe7 13. Nc3 Ba7 14. 0-0-0 0-0-0 15. Ne4 f5 16. Ng5 h4 17. Kb1 hxg3 18. fxg3 Ne2 19. Ne6 Nxg3 20. Rhe1 Rde8 21. d4 exd4 22. Qf4 Qh4 23. Qxh4 Rxh4 24. Nxg7 Re3 25. Rf1 Nxf1 26. Bxf1 Rf4 27. Bd3 Re5 28. Rg1 Rf3 29. h4 Rg3 0-1

[Event "Wloclawek Weekend Classic 3rd"]
[Site "Wloclawek"]
[Date "2007.08.27"]
[Round "2"]
[White "Kukula, Pawel"]
[Black "Jedryczka, Krystian"]
[Result "1-0"]
[WhiteElo "2239"]
[BlackElo "2299"]
[PlyCount "77"]
[EventDate "2007.08.24"]
[EventType "swiss"]
[EventRounds "5"]
[EventCountry "POL"]
[SourceTitle "EXT 2011"]
[Source "ChessBase"]
[SourceDate "2010.11.26"]
[SourceVersion "1"]
[SourceVersionDate "2010.11.26"]
[SourceQuality "1"]

1. d4 c5 2. d5 d6 3. e4 g6 4. Nc3 Bg7 5. Be2 a6 6. a4 e6 7. Nf3 Ne7 8. 0-0 0-0 9. h3 b6 10. Re1 Ra7 11. dxe6 fxe6 12. Bc4 Nbc6 13. Bg5 h6 14. Bh4 Nb4 15. Qd2 g5 16. Bg3 d5 17. exd5 exd5 18. Rxe7 Rxe7 19. Nxd5 Nxd5 20. Bxd5+ Kh8 21. c4 Bf5 22. Rd1 Rfe8 23. Qc1 Rd7 24. Rd2 Be4 25. Qd1 Bxd5 26. cxd5 b5 27. axb5 axb5 28. d6 c4 29. h4 g4 30. Nd4 Rxd6 31. Bxd6 Qxd6 32. Nxb5 Qe5 33. Nc3 Qb8 34. g3 Qa8 35. Nd5 Rd8 36. Ne3 Rxd2 37. Qxd2 Qe4 38. Qc1 Be5 39. Qxc4 1-0